| 000 | 00709nam a2200229Ia 4500 | ||
|---|---|---|---|
| 001 | 15312 | ||
| 003 | GE_BSU | ||
| 008 | 181216s||||||||xx |||||||||||||| ||und|| | ||
| 040 | _cGE_BSU | ||
| 080 | _a821.353.1-31 | ||
| 100 | _aშატბერაშვილი,გიორგი | ||
| 245 | _aუკვდავი ფესვი | ||
| 245 | _bმოთხრობები | ||
| 245 | _cრედ.ალ.გომიაშვილი | ||
| 260 | _aთბილისი | ||
| 260 | _bსაბჭოთა მწერალი | ||
| 260 | _c1949 | ||
| 300 | _a198გვ.15სმ. | ||
| 653 | _aმოთხრობები | ||
| 653 | _aუკვდავი ფესვი | ||
| 942 | _cBK | ||
| 999 |
_c48420 _d48420 |
||